Developing Critical Readin Skills (Record no. 5047)

MARC details
005 - DATE AND TIME OF LATEST TRANSACTION
control field 20250625123214.0
020 ## - INTERNATIONAL STANDARD BOOK NUMBER
International Standard Book Number 978-0-07-298290-9
082 ## - DEWEY DECIMAL CLASSIFICATION NUMBER
Classification number 428.40711 SPE
100 ## - MAIN ENTRY--PERSONAL NAME
Author name SPEARS, D
245 ## - TITLE STATEMENT
Title Developing Critical Readin Skills
250 ## - EDITION STATEMENT
Edition statement 7th Ed.
260 ## - PUBLICATION, DISTRIBUTION, ETC.
Place of publication, distribution, etc. Boston
Name of publisher, distributor, etc. McGraw-Hill Irwin
Date of publication, distribution, etc. 2006.
300 ## - PHYSICAL DESCRIPTION
Extent xxiii,537p.: ill.; picctures
Other physical details Index
Dimensions 23cm
942 ## - ADDED ENTRY ELEMENTS (KOHA)
Source of classification or shelving scheme Dewey Decimal Classification
Koha item type Books
Holdings
Date last seen Total checkouts Full call number Barcode Price effective from Koha item type Lost status Source of classification or shelving scheme Damaged status Not for loan Withdrawn status Home library Current library Shelving location Date acquired Source of acquisition
06/25/2025   428.40711 SPE MZA0002145 06/25/2025 Books   Dewey Decimal Classification       CBE Mwanza CBE Mwanza General Collection 07/31/2017 Library Budget
06/25/2025   428.40711 SPE MZA0002146 06/25/2025 Books   Dewey Decimal Classification       CBE Mwanza CBE Mwanza General Collection 07/31/2017 Library Budget
06/25/2025   428.40711 SPE MZA0002147 06/25/2025 Books   Dewey Decimal Classification       CBE Mwanza CBE Mwanza General Collection 07/31/2017 Library Budget
06/25/2025   428.40711 SPE MZA0002148 06/25/2025 Books   Dewey Decimal Classification       CBE Mwanza CBE Mwanza General Collection 07/31/2017 Library Budget
06/25/2025   428.40711 SPE MZA0002149 06/25/2025 Books   Dewey Decimal Classification       CBE Mwanza CBE Mwanza General Collection 07/31/2017 Library Budget